| 000 | 00841cam a2200217 4500 | ||
|---|---|---|---|
| 001 | agr67000245 | ||
| 003 | DLC | ||
| 005 | 20260227111026.0 | ||
| 008 | 690523s1966 dcu b 000 0 eng c | ||
| 010 | _aagr67000245 | ||
| 040 |
_aU.S. Nat'l Agr. Libr. _cDLC _dDLC |
||
| 070 | 0 | _aaZ6675 .T8C6 | |
| 100 | 1 |
_aCoons, Callie Mae (Williams) _d1898- |
|
| 245 | 1 | 0 |
_aSelected references on lathyrism; _bresearch, experimental and clinical. _c[References compiled by: Callie Mae Coons and Shirley L. Cress] |
| 260 |
_aWashington, _bU.S. Dept. of Agriculture, Agricultural Research Service, Office of Administrator _c[1966] |
||
| 300 |
_a25 p. _c27 cm. |
||
| 650 | 0 |
_aLathyrism _xBibliography. |
|
| 650 | 3 |
_aLathyrism _xBibliography. |
|
| 700 | 1 |
_aCress, Shirley Lee, _d1925- _ejoint author. |
|
| 710 | 1 |
_aUnited States. _bAgricultural Research Service. |
|
| 999 |
_c12224 _d12224 |
||